000 002320000a22000970004500
100 1 _aDuque, Isabel
245 1 0 _aAsesino en peligro : La viruela
300 _aVol. 13, Núm 13 (1993), Páginas 62
773 0 _tCambio 16
942 _cANA
999 _c58476
_d58476